000
00339nam a2200133Ia 4500
008
230818s2008 xx 000 0 und d
041
_a
eng
100
_a
Andrews
245
_a
Hotel Housekeeping Management& operation
260
_b
Tata M.c. Grav hill pub.
_c
2008
300
_a
418p
520
_a
General
999
_c
852550
_d
852550
650
_a
Hotel Housekeeping